| 000 | 00995nam a22001577a 4500 | ||
|---|---|---|---|
| 999 |
_c528268 _d528268 |
||
| 008 | 241125b ||||| |||| 00| 0 eng d | ||
| 100 |
_aMisra, Suresh and Chadah, Sapna _959622 |
||
| 245 | _aPolicy of consumer protection (CP) in India: Effectiveness of CP act 1986 and prospects of CP bill 2015 | ||
| 260 | _aBihar Journal of Public Administration | ||
| 300 | _a14(2), Jul-Dec, 2017: p.26-41 | ||
| 520 | _aRapid technological change and its impact on consumer behavior is taking place within an increasingly liberalized market place in which the global derive to compete brings new challenges to both existing and nascent regulatory authorities. Consumer needs and expectations very according to the availably, accessibility and affordability of goods and services. – Reproduced | ||
| 650 |
_aConsumer-production, Consumer-laws, Consumer-rights, Stallholders, Redressed, Market . _949064 |
||
| 773 | _aBihar Journal of Public Administration | ||
| 906 | _aCONSUMERS | ||
| 942 | _cAR | ||